Podnikateľský plán vybraného podniku bakalárska práca

Salvato in:
Dettagli Bibliografici
Autore principale: Veres, Juraj
Ente Autore: Fakulta podnikového manažmentu EU. Katedra manažmentu
Altri autori: Šinský, Peter
Natura: Libro
Lingua:slovacco
Pubblicazione: Bratislava 2011
Tags: Aggiungi Tag
Nessun Tag, puoi essere il primo ad aggiungerne!!

MARC

LEADER 00000nam a2200000 4500
001 0153011
005 20240320072120.3
041 0 |a slo 
044 |a SK 
245 1 0 |a Podnikateľský plán vybraného podniku  |b bakalárska práca  |c Juraj Veres ; školiteľ: Peter Šinský 
264 1 |a Bratislava  |c 2011 
300 |a 65 s. 
100 1 |a Veres, Juraj 
700 1 |a Šinský, Peter 
710 2 |a Fakulta podnikového manažmentu EU. Katedra manažmentu